Central Library OPAC University of Rajshahi

On anthropological knowledge : (Record no. 57631)

MARC details
000 -LEADER
fixed length control field 01000cam a2200313 a 4500
001 - CONTROL NUMBER
control field 57631
003 - CONTROL NUMBER IDENTIFIER
rucl marc code BD-RjUL
005 - DATE AND TIME OF LATEST TRANSACTION
control field 20211209080533.0
008 - FIXED-LENGTH DATA ELEMENTS--GENERAL INFORMATION
fixed length control field 111216s19851991enk b 001 0 eng
020 ## - INTERNATIONAL STANDARD BOOK NUMBER
International Standard Book Number 052126748X
International Standard Book Number 0521318513
035 ## - SYSTEM CONTROL NUMBER
System control number (BD-RjUL) 57755
System control number 2868714
040 ## - CATALOGING SOURCE
Original cataloging agency DLC
Language of cataloging eng
Transcribing agency DLC
Modifying agency DLC
-- LC
-- BD-RjUL
041 1# - LANGUAGE CODE
Language code of text/sound track or separate title engfre
082 00 - DEWEY DECIMAL CLASSIFICATION NUMBER
Classification number 306
Edition number 23
Author mark and year SPO 1985
100 1# - MAIN ENTRY--PERSONAL NAME
Personal name Sperber, Dan.
9 (RLIN) 171124
245 10 - TITLE STATEMENT
Title On anthropological knowledge :
Remainder of title three essays /
Statement of responsibility, etc. Dan Sperber.
260 ## - PUBLICATION, DISTRIBUTION, ETC. (IMPRINT)
Place of publication, distribution, etc. New York :
Name of publisher, distributor, etc. Cambridge University Press,
Date of publication, distribution, etc. c1985[reprinted 1991]
300 ## - PHYSICAL DESCRIPTION
Pagination 110 p. ;
Size 24 cm.
500 ## - GENERAL NOTE
General note Includes index.
504 ## - BIBLIOGRAPHY, ETC. NOTE
Bibliography, etc Bibliography: p. 99-104.
600 10 - SUBJECT ADDED ENTRY--PERSONAL NAME
Personal name Levi-Strauss, Claude.
650 #0 - SUBJECT ADDED ENTRY--TOPICAL TERM
Topical term or geographic name as entry element Ethnology
General subdivision Philosophy.
9 (RLIN) 171127
Topical term or geographic name as entry element Irrationalism (Philosophy)
9 (RLIN) 171128
830 ## - SERIES ADDED ENTRY--UNIFORM TITLE
Uniform title Cambridge studies in social anthropology ;
Volume number/sequential designation 54
942 ## - ADDED ENTRY ELEMENTS (KOHA)
Source of classification or shelving scheme Dewey Decimal Classification
Koha item type Books
Holdings
Lost status Source of classification or shelving scheme Damaged status Not for loan Collection code Permanent Location Current Location Shelving location Date acquired Source of acquisition Cost, normal purchase price Total Checkouts Full call number Date last seen Copy number Koha item type
  Dewey Decimal Classification   Not For Loan Non-fiction Central Library, University of Rajshahi Central Library, University of Rajshahi Reading Room 20/02/2025 Paragon Enterprises Dhaka 30.00   306 SPO 1985 11/12/2016 C-1 Books